ՀՀ Գիտությունների ազգային ակադեմիայի հիմնարար գիտական գրադարան  =   Fundamental Scientific Library of NAS RA

Խուժան : (Record no. 143492)

MARC details
000 -LEADER
fixed length control field 00738nam a2200205 a 4500
001 - CONTROL NUMBER
control field 000375549
003 - CONTROL NUMBER IDENTIFIER
control field AM-YeHGA
005 - DATE AND TIME OF LATEST TRANSACTION
control field 20250617132021.0
008 - FIXED-LENGTH DATA ELEMENTS--GENERAL INFORMATION
fixed length control field 041029s1927 ai 000 | arm d
040 ## - CATALOGING SOURCE
Original cataloging agency AM-YeHGA
041 1# - LANGUAGE CODE
Language code of text/sound track or separate title arm
090 ## - LOCALLY ASSIGNED LC-TYPE CALL NUMBER (OCLC); LOCAL CALL NUMBER (RLIN)
-- 144873
100 1# - MAIN ENTRY--PERSONAL NAME
Personal name Կաժևնիկով, Ա.
245 10 - TITLE STATEMENT
Title Խուժան :
Remainder of title Անապաստան յերեխաների կյանքից /
Statement of responsibility, etc. Ա. Կաժևնիկով; Թարգմ.՝ Հ. Տեր-Ավագյան.
260 ## - PUBLICATION, DISTRIBUTION, ETC.
Place of publication, distribution, etc. Յերևան :
Name of publisher, distributor, etc. Պետհրատ,
Date of publication, distribution, etc. 1927.
300 ## - PHYSICAL DESCRIPTION
Extent 174 էջ :
Other physical details նկ. ;
Dimensions 18 սմ.
440 #0 - SERIES STATEMENT/ADDED ENTRY--TITLE
Title Մանկական գրադարան
650 14 - SUBJECT ADDED ENTRY--TOPICAL TERM
Topical term or geographic name entry element Ռուս մանկական գրականություն
General subdivision Վիպակ
700 1# - ADDED ENTRY--PERSONAL NAME
Personal name Տեր-Ավագյան, Հ.
Relator term թարգմ.
Relationship trl
Holdings
Withdrawn status Lost status Damaged status Not for loan Collection Home library Current library Date acquired Total checkouts Full call number Barcode Date last seen Cost, replacement price Price effective from Koha item type Public note
        General Fundamental Scientific Library Fundamental Scientific Library 22/12/2016   AI/8742 FL0045757 22/12/2016 50.00 22/12/2016 Գրքեր / Books 30 Days Loan
        General Fundamental Scientific Library Fundamental Scientific Library 22/12/2016   AI/8743 FL0045758 22/12/2016 50.00 22/12/2016 Գրքեր / Books 30 Days Loan


ՀՀ ԳԱԱ հիմնարար գիտական գրադարան
ՀՀ,Երևան 0019
Մարշալ Բաղրամյան 24/6
հեռախոս:(374-10) 52-47-50
Հետադարձ կապ

All site content, except where otherwise noted, is licensed under a
Creative Commons License